Stratégia rozvoja značky Procter & Gamble v Číne diplomová práca

Saved in:
Bibliographic Details
Main Author: Liu, Xin
Corporate Author: Obchodná fakulta EU. Katedra marketingu
Other Authors: Ožvoldová, Katarína, 1984-
Format: Book
Language:Slovak
Published: Bratislava 2023
Tags: Add Tag
No Tags, Be the first to tag this record!

MARC

LEADER 00000nbm a2200000 4500
001 0293783
005 20240111083420.1
041 0 |a slo 
044 |a SK 
245 1 0 |a Stratégia rozvoja značky Procter & Gamble v Číne  |b diplomová práca  |c Xin Liu ; školiteľ: Katarína Ožvoldová 
264 1 |a Bratislava  |c 2023 
300 |a 82 s. 
100 1 |a Liu, Xin 
700 1 |a Ožvoldová, Katarína, 1984- 
710 2 |a Obchodná fakulta EU. Katedra marketingu